Groundwater Workshop Proceedings : Groundwater it the context of IWRM

Bibliographic Details
Corporate Authors: Institut Penyelidikan Hidraulik Kebangsaan Malaysia, Jabatan Mineral dan Geosains Malaysia
Format: Book
Published: Kuala Lumpur : Akademi Sains Malaysia , 2010
Subjects:

MARC

LEADER 00000cam a2200000 7i4500
001 0000003942
005 20120326.0
020 0 0 |a 9789839445626 
090 0 0 |a 628.114   |b WATE 2010 
245 0 0 |a Groundwater Workshop Proceedings :   |b Groundwater it the context of IWRM 
260 0 0 |a Kuala Lumpur :   |b Akademi Sains Malaysia ,   |c 2010 
300 |a vi, 94 p. :   |b ill. ;   |c 23 cm. 
500 0 0 |a Includes bibliographical references 
650 0 0 |a Groundwater ---Management 
650 0 0 |a Integrated water development 
650 0 0 |a Water resources development 
710 1 1 |a Institut Penyelidikan Hidraulik Kebangsaan Malaysia 
710 1 1 |a Jabatan Mineral dan Geosains Malaysia 
998 |a JPSM 
999 |a 007716   |b Monograph   |c Open Shelf   |e Default branch